|
|
|
|
| LEADER |
00000nam0a2200000 4500 |
| 001 |
125868 |
| 005 |
20231031131529.0 |
| 035 |
|
|
|a (RuTPU)RU\TPU\book\136184
|
| 090 |
|
|
|a 125868
|
| 100 |
|
|
|a 20071121d1965 k y0rusy50 ca
|
| 101 |
1 |
|
|a rus
|c eng
|
| 102 |
|
|
|a RU
|
| 105 |
|
|
|a a z 001zy
|
| 200 |
1 |
|
|a Физика атомных столкновений
|e пер. с англ.
|f Дж. Хастед
|g под ред. Н. В. Федоренко
|
| 210 |
|
|
|a Москва
|c Мир
|d 1965
|
| 215 |
|
|
|a 710 с.
|c ил.
|
| 320 |
|
|
|a Библиография в конце глав.
|
| 610 |
1 |
|
|a физика
|
| 610 |
1 |
|
|a атомные столкновения
|
| 610 |
1 |
|
|a заселенность
|
| 610 |
1 |
|
|a ионизация
|
| 610 |
1 |
|
|a излучение
|
| 610 |
1 |
|
|a поглощение
|
| 675 |
|
|
|a 539.186
|v 3
|
| 700 |
|
1 |
|a Хастед
|b Дж.
|
| 702 |
|
1 |
|a Федоренко
|b Н. В.
|4 340
|
| 801 |
|
1 |
|a RU
|b 63413507
|c 20071121
|g PSBO
|
| 801 |
|
2 |
|a RU
|b 63413507
|c 20090721
|g PSBO
|
| 942 |
|
|
|c BK
|